| 000 | 01127 a2200265 4500 | ||
|---|---|---|---|
| 999 |
_c11007 _d11007 |
||
| 020 | _a9781789903843 | ||
| 020 | _a178990384X | ||
| 050 | 0 | 0 |
_aHG3881 _bGEO 2019 |
| 100 |
_aGrandi, Silvia, _eeditor |
||
| 245 | 0 | 0 |
_aGeofinance between political and financial geographies : _ba focus on the semi-periphery of the global financial system / _cedited by Silvia Grandi, Christian Sellar, Juvaria Jafri. |
| 264 | 1 |
_aCheltenham, UK ; _aNorthampton, MA, USA, : _bEdward Elgar Publishing, _c[2019] |
|
| 300 |
_axii, 250 pages : _billustrations, map ; |
||
| 336 |
_atext _2rdacontent _btxt |
||
| 337 |
_aunmediated _2rdamedia _bn |
||
| 338 |
_avolume _2rdacarrier _bnc |
||
| 504 | _aIncludes bibliographical references and index. | ||
| 650 | 0 | _aInternational finance. | |
| 650 | 7 | _aInternational finance. | |
| 700 | 1 |
_aGrandi, Silvia, _eeditor. |
|
| 700 | 1 |
_aSellar, Christian, _eeditor. |
|
| 700 | 1 |
_aJafri, Juvaria, _eeditor. |
|
| 942 |
_2lcc _cBK _h3881 _iGEO _kHG |
||